Nekonvenčné zdroje a premeny elektrickej energie /
Salvato in:
| Autori principali: | , |
|---|---|
| Natura: | Libro |
| Lingua: | slovacco |
| Pubblicazione: |
Bratislava :
STU v Bratislave,
1986
|
| Edizione: | 2.vyd. |
| Tags: |
Nessun Tag, puoi essere il primo ad aggiungerne!!
|
MARC
| LEADER | 00000nam a22000003a 4500 | ||
|---|---|---|---|
| 001 | stu7009 | ||
| 005 | 20150617225808.9 | ||
| 008 | 940804s1986----cs------------------slo-d | ||
| 040 | |a STU |b slo | ||
| 041 | 0 | |a slo | |
| 044 | |a cs | ||
| 100 | 1 | |a Smola, Alfonz, |d 1951- |4 aut |u E020 |U FEI Fakulta elektrotechniky a informatiky |T FEI Ústav elektroenergetiky a aplikovanej elektrotechniky |X 1989 |U E020 |Y 548 |7 A000001989 | |
| 245 | 1 | |a Nekonvenčné zdroje a premeny elektrickej energie / |c [aut.] Marko,řtefan; Smola,Alfonz | |
| 250 | |a 2.vyd. | ||
| 260 | |a Bratislava : |b STU v Bratislave, |c 1986 | ||
| 300 | |a 141 s | ||
| 700 | 1 | |a Marko, Štefan |4 aut |u E130 |U FEI Fakulta elektrotechniky a informatiky |T FEI Katedra elektroenergetiky |U E130 |Y 59 | |
| 996 | |b 284ES19144 |c E*S-37218 |l EE01 |s A |a 24 |w stu7009_0002 | ||
| 996 | |b 284ES19167 |c E*S-37219 |l EE01 |s A |a 24 |w stu7009_0003 | ||
| 996 | |b 284ES15346 |c E*S-37220 |l EE01 |s A |a 24 |w stu7009_0004 | ||
| 996 | |b 284EK08942 |c E*62212 |l EE0105 |s P |a 0 |w stu7009_0005 | ||